ՄԱՅՐ ԱԹՈՌ ՍՈՒՐԲ ԷՋՄԻԱԾԻՆ

«ՎԱՉԵ ԵՎ ԹԱՄԱՐ ՄԱՆՈՒԿՅԱՆ» ՄԱՏԵՆԱԴԱՐԱՆ

The relationship of the Armenian Church with other Christian Churches (Record no. 53858)

MARC details
000 -LEADER
fixed length control field 00362nam a2200145Ia 4500
003 - CONTROL NUMBER IDENTIFIER
control field SEM
008 - FIXED-LENGTH DATA ELEMENTS--GENERAL INFORMATION
fixed length control field 141116s9999 xx 000 0 und d
080 ## - UNIVERSAL DECIMAL CLASSIFICATION NUMBER
Universal Decimal Classification number 281.62:280 N-43
100 ## - MAIN ENTRY--PERSONAL NAME
Personal name Nersoyan Hagop
245 #4 - TITLE STATEMENT
Title The relationship of the Armenian Church with other Christian Churches
260 ## - PUBLICATION, DISTRIBUTION, ETC.
Place of publication, distribution, etc. Quebec
260 ## - PUBLICATION, DISTRIBUTION, ETC.
Date of publication, distribution, etc. s.a.
300 ## - PHYSICAL DESCRIPTION
Extent 13
942 ## - ADDED ENTRY ELEMENTS (KOHA)
Source of classification or shelving scheme Universal Decimal Classification
Koha item type Գրքեր/Books

No items available.